| 000 | 01214nam a22003737a 4500 | ||
|---|---|---|---|
| 003 | CHAP | ||
| 005 | 20220817042054.0 | ||
| 008 | 971013s1981 r 00010 d | ||
| 010 | _a33720 | ||
| 011 | _a34692 | ||
| 035 | _a38808 | ||
| 040 | _cCHAP | ||
| 082 |
_a634.25 _bE5 |
||
| 110 | _aEmpresa Brasileira de Pesquisa Agropecuaria | ||
| 245 | _aBibliografía brasileiras do passego e de outras frutas de clima temperado; ameixa, amora-preta, azaitona, marmelo, Nespera, mozpeca, pera | ||
| 260 |
_aBrasilia, D.F. : _b(s.e.), _c1981 |
||
| 300 | _a239 p. | ||
| 590 |
_aBATCH-UPD _b10 _c20130110 _lUCH01 _h1023 |
||
| 590 |
_aBATCH-UPD _b10 _c20130410 _lUCH01 _h0628 |
||
| 590 |
_aBATCH-UPD _b10 _c20130914 _lUCH01 _h1225 |
||
| 590 |
_aCONVERSION _b10 _c20130109 _lUCH01 _h1319 |
||
| 650 | 1 | 4 |
_aAceituna. _9466 |
| 650 | 1 | 4 |
_aDurazno _xBrasil. _934579 |
| 650 | 1 | 4 |
_aFruticultura _xBibliografía. _943702 |
| 650 | 1 | 4 |
_aMembrillo. _974499 |
| 650 | 1 | 4 |
_aMora. _978113 |
| 650 | 1 | 4 |
_aNíspero. _981600 |
| 650 | 1 | 4 |
_aPecán. _986484 |
| 650 | 1 | 4 |
_aPera _xBibliografía. _986961 |
| 700 | 0 |
_aSperry, Suzana. _9109203 |
|
| 901 | _aBK | ||
| 942 | _cLIBRO | ||
| 949 |
_a634.25 E5 _bBC _cC _d33724000830774 _eC _h62301 _i38808 _mD _sb |
||
| 999 |
_c33720 _d33720 |
||